[Event "Hull 4NCL op-C"]
[Site "Hull"]
[Date "2023.09.09"]
[Round "3"]
[White "Lukauskas, Modestas"]
[Black "Grice, Alec"]
[Result "0-1"]
[WhiteElo "1471"]
[BlackElo "1638"]
[PlyCount "76"]
[EventDate "2023.09.08"]
[EventType "swiss"]
[EventRounds "5"]
[EventCountry "ENG"]
[SourceTitle "EXT 2024"]
[Source "ChessBase"]
[SourceDate "2023.10.10"]
[SourceVersion "1"]
[SourceVersionDate "2023.10.10"]
[SourceQuality "1"]

1. d4 Nf6 2. Nf3 g6 3. Nc3 Bg7 4. e4 d6 5. h3 0-0 6. Be2 Nbd7 7. Bf4 Re8 8. Qd2 e5 9. Bg5 exd4 10. Nxd4 Nc5 11. 0-0-0 Ne6 12. Nxe6 Bxe6 13. Kb1 Qc8 14. f3 Nh5 15. g4 Ng3 16. Rhg1 Nxe2 17. Nxe2 b5 18. Bh6 Qa6 19. Nc3 b4 20. Nd5 c6 21. Bxg7 Kxg7 22. Nxb4 Qb6 23. Qd4+ Qxd4 24. Rxd4 c5 25. Rxd6 cxb4 26. f4 Rad8 27. Ra6 Re7 28. Ra4 Rb7 29. b3 Bd7 30. Ra5 Bb5 31. Re1 a6 32. Kb2 Rc7 33. a4 bxa3+ 34. Rxa3 Rd2 35. Rc1 Rc6 36. Kb1 Rc3 37. Kb2 Rxh3 38. Kb1 Be2 0-1

[Event "Harrogate 4NCL op 24th"]
[Site "Harrogate"]
[Date "2020.01.18"]
[Round "2"]
[White "Grice, Alec"]
[Black "Whitehead, Mark A"]
[Result "0-1"]
[WhiteElo "1570"]
[BlackElo "1755"]
[PlyCount "65"]
[EventDate "2020.01.17"]
[EventType "swiss"]
[EventRounds "5"]
[EventCountry "ENG"]
[SourceTitle "CBM 195 Extra"]
[Source "ChessBase"]
[SourceDate "2020.05.31"]
[SourceVersion "1"]
[SourceVersionDate "2020.05.31"]
[SourceQuality "1"]

1. e4 c5 2. Nf3 e6 3. c3 d5 4. exd5 Qxd5 5. Na3 Nf6 6. Bc4 Qd8 7. 0-0 Be7 8. d4 cxd4 9. cxd4 0-0 10. Nb5 a6 11. Nc3 b5 12. Bd3 Bb7 13. Qe2 Nc6 14. Bf4 Nxd4 15. Nxd4 Qxd4 16. Be3 Qd6 17. Rfd1 Qc6 18. f3 b4 19. Ne4 Nd5 20. Bd2 Rac8 21. Kh1 h6 22. Qf2 Rfd8 23. Qg3 Kf8 24. a3 Qb6 25. Be1 f5 26. Bf2 Qc6 27. Rac1 Qxc1 28. Rxc1 Rxc1+ 29. Bg1 fxe4 30. Bxe4 Bc5 31. h3 Rxg1+ 32. Kh2 Bd6 33. f4 0-1

[Event "Harrogate 4NCL op 24th"]
[Site "Harrogate"]
[Date "2020.01.18"]
[Round "3"]
[White "Tait, Bill"]
[Black "Grice, Alec"]
[Result "0-1"]
[WhiteElo "1710"]
[BlackElo "1570"]
[PlyCount "80"]
[EventDate "2020.01.17"]
[EventType "swiss"]
[EventRounds "5"]
[EventCountry "ENG"]
[SourceTitle "CBM 195 Extra"]
[Source "ChessBase"]
[SourceDate "2020.05.31"]
[SourceVersion "1"]
[SourceVersionDate "2020.05.31"]
[SourceQuality "1"]

1. e4 c5 2. Nc3 Nc6 3. f4 g6 4. Nf3 Bg7 5. d3 e6 6. g3 Nge7 7. Bg2 0-0 8. 0-0 d5 9. e5 Nf5 10. Bd2 Ncd4 11. Ne2 Nxf3+ 12. Bxf3 Bd7 13. Kh1 Bc6 14. Nc3 Qc7 15. Qe1 d4 16. Ne4 h5 17. h3 Qe7 18. Kh2 h4 19. g4 Bxe4 20. dxe4 Ng3 21. Rf2 f6 22. exf6 Bxf6 23. e5 Bg7 24. a4 Bh6 25. g5 Bg7 26. Ra3 Rad8 27. Bg4 Nf5 28. Bxf5 Rxf5 29. Rg2 c4 30. Qxh4 c3 31. Bc1 Qc5 32. Qg3 cxb2 33. Bxb2 Rxe5 34. Qf3 Red5 35. Qd3 Rf5 36. Bc1 e5 37. Rf2 Qc6 38. Kg3 e4 39. Qb3+ Kh7 40. Qb5 Rxb5 0-1

[Event "Harrogate 4NCL op-B 21st"]
[Site "Harrogate"]
[Date "2019.01.19"]
[Round "2"]
[White "Gogia, Armaan"]
[Black "Grice, Alec"]
[Result "1-0"]
[WhiteElo "1850"]
[BlackElo "1682"]
[PlyCount "57"]
[EventDate "2019.01.18"]
[EventType "swiss"]
[EventRounds "5"]
[EventCountry "ENG"]
[SourceTitle "CBM 188 Extra"]
[Source "ChessBase"]
[SourceDate "2019.02.26"]
[SourceVersion "1"]
[SourceVersionDate "2019.02.26"]
[SourceQuality "1"]

1. e4 Nf6 2. e5 Nd5 3. c4 Nb6 4. d4 d6 5. exd6 exd6 6. Nc3 Be7 7. Bd3 0-0 8. Be3 Nc6 9. a3 Bf6 10. Nge2 Re8 11. 0-0 Bg4 12. Qc2 g6 13. h3 Bxe2 14. Nxe2 d5 15. c5 Nc8 16. b4 a6 17. Rfd1 N8a7 18. Rab1 Nb5 19. Qb2 Rb8 20. a4 Nba7 21. b5 axb5 22. axb5 Ne7 23. Bf4 Rc8 24. b6 cxb6 25. Qxb6 Nac6 26. Bc2 Qd7 27. Nc3 Nxd4 28. Qxf6 Qe6 29. Qxd4 1-0

[Event "GBR-ch U1900 op 104th"]
[Site "Llandudno"]
[Date "2017.08.04"]
[Round "5"]
[White "Burton, Richard"]
[Black "Grice, Alec"]
[Result "1-0"]
[WhiteElo "1772"]
[BlackElo "1667"]
[PlyCount "33"]
[EventDate "2017.07.31"]
[EventType "swiss"]
[EventRounds "5"]
[EventCountry "WLS"]
[SourceTitle "EXT 2019"]
[Source "ChessBase"]
[SourceDate "2018.10.10"]
[SourceVersion "1"]
[SourceVersionDate "2018.10.10"]
[SourceQuality "1"]

1. d4 d5 2. Nc3 Bf5 3. Bf4 c6 4. Qd2 Nf6 5. f3 e6 6. g4 Bg6 7. h4 h5 8. g5 Nfd7 9. e4 Bb4 10. Bd3 c5 11. exd5 0-0 12. Nge2 exd5 13. Bxg6 fxg6 14. dxc5 d4 15. Qxd4 Bxc3+ 16. Qxc3 Qe7 17. Bd6 1-0